000 00817cam a22002773a 4500
001 12053
003 PGUSA
005 20140828083244.0
008 040401s2004||||xxu|||||s|||||000 1 eng d
040 _aPGUSA
_beng
042 _adc
050 4 _aPT
100 1 _aMann, Thomas,
_d1875-1955
245 1 0 _aGladius Dei; Schwere Stunde
_h[electronic resource] /
_cThomas Mann
260 _bProject Gutenberg,
_c2004
506 _aPublic domain in the USA.
516 _aElectronic text
653 _aShort stories
653 _aReligious fanaticism -- Fiction
653 _aBiographical fiction
653 _aMünchen (Munich, Bavaria, Germany) -- Fiction
653 _aSchiller, Friedrich, 1759-1805
830 0 _aProject Gutenberg
_v12053
856 4 0 _uhttp://www.gutenberg.org/ebooks/12053
942 _cEB
999 _c241308
_d241308